000
00277nam a22001097a 4500
020
_a
9798178886502
082
_a
660.6
_b
MUR/GR
100
_a
Murray, David Christie
245
_a
Green biotechnology
260
_a
New Delhi
_b
Dominant Publishers & Distributors
_c
2011
942
_c
BK
999
_c
13969
_d
13969